Заповедник "Хакасский"

Λεπτομέρειες βιβλιογραφικής εγγραφής
Άλλοι συγγραφείς: Девяткин Г. В. (редактор)
Γλώσσα:Ρωσικά
Έκδοση: Абакан, Журналист, 2001
Θέματα:
Μορφή: Βιβλίο
KOHA link:https://koha.lib.tpu.ru/cgi-bin/koha/opac-detail.pl?biblionumber=42095

MARC

LEADER 00000nam0a2200000 4500
001 42095
005 20231031015052.0
010 |a 5867970264 
035 |a (RuTPU)RU\TPU\book\43278 
090 |a 42095 
100 |a 20020731d2001 k y0rusy50 ca 
101 0 |a rus 
102 |a RU 
105 |a a z 001zy 
200 1 |a Заповедник "Хакасский"  |f Под ред. Г. В. Девяткина 
210 |a Абакан  |c Журналист  |d 2001 
215 |a 128 с.  |c ил. 
320 |a Библиогр.: с. 59-61. 
610 1 |a геология 
610 1 |a экология 
610 1 |a заповедники 
610 1 |a история 
610 1 |a растения 
610 1 |a животные 
610 1 |a научные исследования 
610 1 |a Хакасия 
675 |a 55:502.4  |v 3 
702 1 |a Девяткин  |b Г. В.  |4 340 
801 1 |a RU  |b 63413507  |c 20020731  |g PSBO 
801 2 |a RU  |b 63413507  |c 20030113  |g PSBO 
942 |c BK